000 00466nam a2200157 4500
001 144763
003 ES-MaACL
005 20230906201107.0
007 t|
008 070214s1977 sp r ||||1| spa d
100 1 _aSkydsgaard, Sven.
_9106761
245 1 3 _aLa combinatoria sin táctica del infinitivo español /
_cSven Skydsgaard.
260 _aMadrid :
_bCastalia,
_c1977 (
_fArtygi)
300 _a2 t. en 1 v. ;
_c28 cm.
852 _aES-MaACL
_jA-7997-8
_bR.97115
999 _c144763
_d144763